Estatísticas para Países Mais Visitados por Papas

Clique aqui para jogar o quiz

Estatísticas Gerais

  • Esse quiz foi jogado 1,382 vezes
    (1,380 desde o último reset)
  • A pontuação média é 12 de 20

Estatísticas das Respostas

# Visitas País % Correct
6Brasil
99%
11Estados Unidos
94%
9França
92%
7Espanha
91%
7Portugal
91%
7México
89%
6Alemanha
86%
11Polônia
77%
4Austrália
65%
5Suíça
64%
4Áustria
61%
4Israel
51%
4Croácia
42%
4Turquía
41%
4Cuba
38%
4Filipinas
35%
4República Tcheca
35%
4Malta
26%
4Jordânia
15%
4Quênia
7%

Distribuição das Pontuações

Percentil de Números Respondidos

Porcentagem de Pessoas com Cada Pontuação

Sua Pontuação Histórica

Você não jogou esse quiz desde o último reset